LEADER 01176nam a2200265 a 4500 001 000000118486 003 CaOOAMICUS 005 20091202101147.0 008 091202s1989 fr a u000 u fre r 020 $z2903182272* 040 $aPUL$bita$dCP 100 1 $aVizy, Marc.$0(OLS)http://pul/name/74008 245 13$aLa zone franc /$cMarc Vizy. 260 $aParis :$bCentre des Hautes Études sur l'Afrique et l'Asie Modernes,$c©1989. 300 $a142 p. :$bill. ;$c24 cm 490 1 $aNotes africaines, asiatiques et caraïbes 650 4$aPolitica monetaria.$0(OLS)http://pul/subject/14546 651 4$aFrancia$xZona franca.$0(OLS)http://pul/subject/35964 830 0$aNotes africaines, asiatiques et caraïbes.$0(OLS)http://pul/title/149119 850 $aPUL 852 $aPUL$W1$xDP1 Cons. Gen., Altre Classi 1$y22$m843 I 84$j135928$qStampati$B134916$CPULBib$Z2$F134916 $H62245 $82 941 1 $a8 996 $6020$z2903182272*$9(OLS)http://pul/number/142611 996 $6245$aLa zone franc$9(OLS)http://pul/title/149118 996 $6260$aParis :$bCentre des Hautes Études sur l'Afrique et l'Asie Modernes$9(OLS)http://pul/publisher/80975 LEADER 01341nam a2200277 u 4500 001 000000105987 003 CaOOAMICUS 005 20070704092406.0 008 070704s2007 gw u000 u ger u 020 $z978-3-8306-7279-1* 040 $aPUL$bita$dLDB 100 1 $aGrichting, Martin.$0(OLS)http://pul/name/48968 245 14$aDas verfügungsrecht über das kirchenvermögen auf den ebenen von diözese und pfarrei /$cvon Martin Grichting. 260 $aSt. Ottilien :$bEos Verlag,$c2007. 300 $acv, 691 p. ;$c25 cm 490 1 $aMünchener theologische Studien.$aIII, Kanonistische Abteilung ;$v62 500 $aContiene indici. 504 $aBibliografia : p. [xv]-xcviii. 650 4$aBeni ecclesiastici$xAmministrazione.$0(OLS)http://pul/subject/20157 830 0$aMünchener theologische Studien.$nIII,$pKanonistische Abteilung ;$v62.$0(OLS)http://pul/title/2827 850 $aPUL 852 $aPUL$W1$xDP1 Riviste Correnti$y15$m327 G 62$j119016$qPeriodici$B118891$CPULBib$Z2$F118891 $H104642 $82 941 1 $a5 996 $6020$z978-3-8306-7279-1*$9(OLS)http://pul/number/135132 996 $6245$aDas verfügungsrecht über das kirchenvermögen auf den ebenen von diözese und pfarrei$9(OLS)http://pul/title/133481 996 $6260$aSt. Ottilien :$bEos Verlag$9(OLS)http://pul/publisher/66979